000 00574nam a22001695i 4500
001 172370
003 ES-MaACL
005 20250131222248.0
008 090629s1881 pr |||| | spa d
245 0 0 _aFiesta literaria en honor de don Pedro Calderón de la Barca celebrada en el Casino de Mayaguez.
260 _aMayaguez :
_b[s.n.],
_c1881 (
_fImp. de Martin Fernández)
300 _a98 p. ;
_c21 cm.
600 1 4 _aCalderón de la Barca, Pedro-
_xHomenajes
_933615
710 2 _aCasino de Mayaguez.
_9140879
852 _aES-MaACL
_jT-354-F-7
999 _c172370
_d172370